<?xml version="1.0" encoding="UTF-8"?>
<record
    xmlns:xsi="http://www.w3.org/2001/XMLSchema-instance"
    xsi:schemaLocation="http://www.loc.gov/MARC21/slim http://www.loc.gov/standards/marcxml/schema/MARC21slim.xsd"
    xmlns="http://www.loc.gov/MARC21/slim">

  <leader>00641nam a2200193Ia 4500</leader>
  <controlfield tag="003">IN-BaIIA</controlfield>
  <controlfield tag="008">211028s9999    xx            000 0 eng d</controlfield>
  <datafield tag="040" ind1=" " ind2=" ">
    <subfield code="c">IIA Library</subfield>
  </datafield>
  <datafield tag="080" ind1=" " ind2=" ">
    <subfield code="a">533</subfield>
    <subfield code="b">BRO</subfield>
  </datafield>
  <datafield tag="100" ind1=" " ind2=" ">
    <subfield code="a">Brown, Sanborn C.</subfield>
    <subfield code="9">3839</subfield>
  </datafield>
  <datafield tag="245" ind1=" " ind2="0">
    <subfield code="a">Basic data of plasma physics</subfield>
    <subfield code="c">Sanborn C. Brown                                            </subfield>
  </datafield>
  <datafield tag="260" ind1=" " ind2=" ">
    <subfield code="a">Massachusetts</subfield>
    <subfield code="b">Massachusetts Institute of Tehcnology Press</subfield>
    <subfield code="c">1959</subfield>
  </datafield>
  <datafield tag="300" ind1=" " ind2=" ">
    <subfield code="a">viii, 336p.</subfield>
  </datafield>
  <datafield tag="490" ind1=" " ind2=" ">
    <subfield code="a">Technology press books in science and engineering</subfield>
  </datafield>
  <datafield tag="650" ind1=" " ind2=" ">
    <subfield code="a">Astronomy and astrophysics thesaurus</subfield>
  </datafield>
  <datafield tag="650" ind1=" " ind2=" ">
    <subfield code="a">Plasma physics</subfield>
    <subfield code="9">3732</subfield>
  </datafield>
  <datafield tag="650" ind1=" " ind2=" ">
    <subfield code="a">Plasmas</subfield>
    <subfield code="9">1898</subfield>
  </datafield>
  <datafield tag="942" ind1=" " ind2=" ">
    <subfield code="c">BK</subfield>
  </datafield>
  <datafield tag="999" ind1=" " ind2=" ">
    <subfield code="c">2032</subfield>
    <subfield code="d">2032</subfield>
  </datafield>
  <datafield tag="952" ind1=" " ind2=" ">
    <subfield code="0">0</subfield>
    <subfield code="1">0</subfield>
    <subfield code="4">0</subfield>
    <subfield code="7">0</subfield>
    <subfield code="a">BAN</subfield>
    <subfield code="b">BAN</subfield>
    <subfield code="c">GEN</subfield>
    <subfield code="d">0000-00-00</subfield>
    <subfield code="g">29.25</subfield>
    <subfield code="l">0</subfield>
    <subfield code="o">533/ BRO</subfield>
    <subfield code="p">2276</subfield>
    <subfield code="r">2021-11-05</subfield>
    <subfield code="v">29.25</subfield>
    <subfield code="w">0000-00-00</subfield>
    <subfield code="y">BK</subfield>
    <subfield code="G">Rs. 29.25</subfield>
  </datafield>
</record>
